NCAA College Basketball AP All-America Teams (1999-00 to 2024-25) - Statistics

General Stats
  • This quiz has been taken 27 times
  • The average score is 118 of 391
Answer Stats
Year Hint Answer % Correct
2011-12 Kentucky Anthony Davis
100%
2005-06 LSU Glen Davis
100%
2021-22 Wisconsin Johnny Davis
100%
2023-24 North Carolina RJ Davis
100%
2022-23 Indiana Trayce Jackson-Davis
100%
2024-25 Purdue Braden Smith
94%
2005-06 Boston College Craig Smith
94%
2021-22 Auburn Jabari Smith
94%
2019-20 Maryland Jalen Smith
94%
2010-11 Duke Nolan Smith
94%
2013-14 Louisville Russ Smith
94%
2012-13 Louisville Russ Smith
94%
2024-25 Duke Cooper Flagg
89%
2023-24 Purdue Zach Edey
89%
2022-23 Purdue Zach Edey
89%
2004-05 Illinois Deron Williams
83%
2010-11 Arizona Derrick Williams
83%
2000-01 Illinois Frank Williams
83%
2018-19 Tennessee Grant Williams
83%
2001-02 Duke Jay Williams
83%
2000-01 Duke Jay Williams
83%
2005-06 Duke Shelden Williams
83%
2004-05 Duke Shelden Williams
83%
2008-09 Louisville Terrence Williams
83%
2020-21 Alabama Herb Jones
78%
2024-25 Marquette Kam Jones
78%
2006-07 Texas Kevin Durant
78%
2011-12 West Virginia Kevin Jones
78%
2008-09 Davidson Stephen Curry
78%
2007-08 Davidson Stephen Curry
78%
2019-20 Duke Tre Jones
78%
2022-23 Alabama Brandon Miller
72%
2015-16 Oklahoma Buddy Hield
72%
2014-15 Oklahoma Buddy Hield
72%
2018-19 Murray State Ja Morant
72%
2010-11 Connecticut Kemba Walker
72%
2015-16 North Carolina Brice Johnson
67%
2023-24 Arizona Caleb Love
67%
2009-10 West Virginia Da'Sean Butler
67%
2013-14 Creighton Doug McDermott
67%
2012-13 Creighton Doug McDermott
67%
2011-12 Creighton Doug McDermott
67%
2010-11 Purdue JaJuan Johnson
67%
2017-18 Villanova Jalen Brunson
67%
2020-21 Baylor Jared Butler
67%
2019-20 Baylor Jared Butler
67%
2024-25 Texas Tech JT Toppin
67%
2007-08 UCLA Kevin Love
67%
2022-23 Kansas State Keyontae Johnson
67%
2013-14 Arizona Nick Johnson
67%
2019-20 Dayton Obi Toppin
67%
2008-09 North Carolina Tyler Hansbrough
67%
2007-08 North Carolina Tyler Hansbrough
67%
2006-07 North Carolina Tyler Hansbrough
67%
2005-06 North Carolina Tyler Hansbrough
67%
2024-25 Florida Walter Clayton Jr.
67%
2009-10 Syracuse Wesley Johnson
67%
2018-19 Duke Zion Williamson
67%
2010-11 Notre Dame Ben Hansbrough
61%
2008-09 Oklahoma Blake Griffin
61%
2020-21 Oklahoma State Cade Cunningham
61%
2002-03 Syracuse Carmelo Anthony
61%
2004-05 Wake Forest Chris Paul
61%
2023-24 Tennessee Dalton Knecht
61%
2014-15 Wisconsin Frank Kaminsky
61%
2022-23 Kansas Jalen Wilson
61%
2024-25 Auburn Johni Broome
61%
2023-24 Auburn Johni Broome
61%
2002-03 Wake Forest Josh Howard
61%
1999-00 Cincinnati Kenyon Martin
61%
2020-21 Iowa Luka Garza
61%
2019-20 Iowa Luka Garza
61%
2024-25 Alabama Mark Sears
61%
2023-24 Alabama Mark Sears
61%
2019-20 Marquette Markus Howard
61%
2018-19 Marquette Markus Howard
61%
2008-09 Pittsburgh Sam Young
61%
2017-18 Oklahoma Trae Young
61%
2004-05 Utah Andrew Bogut
56%
2002-03 Xavier David West
56%
2001-02 Xavier David West
56%
2007-08 Memphis Derrick Rose
56%
2003-04 Wisconsin Devin Harris
56%
2011-12 Michigan State Draymond Green
56%
2012-13 Virginia Tech Erick Green
56%
2020-21 Gonzaga Jalen Suggs
56%
2006-07 Georgetown Jeff Green
56%
2010-11 BYU Jimmer Fredette
56%
2016-17 Kansas Josh Jackson
56%
2016-17 North Carolina Justin Jackson
56%
2014-15 Kentucky Karl-Anthony Towns
56%
2021-22 Illinois Kofi Cockburn
56%
2020-21 Illinois Kofi Cockburn
56%
2016-17 UCLA Lonzo Ball
56%
2003-04 Oregon Luke Jackson
56%
2024-25 Creighton Ryan Kalkbrenner
56%
2020-21 Illinois Ayo Dosunmu
50%
2018-19 Purdue Carsen Edwards
50%
2017-18 Purdue Carsen Edwards
50%
2017-18 Arizona Deandre Ayton
50%
2007-08 Indiana DJ White
50%
2022-23 Gonzaga Drew Timme
50%
2021-22 Gonzaga Drew Timme
50%
2020-21 Gonzaga Drew Timme
50%
2009-10 Ohio State Evan Turner
50%
2006-07 Ohio State Greg Oden
50%
2015-16 Kentucky Jamal Murray
50%
2008-09 Arizona State James Harden
50%
2021-22 Iowa Keegan Murray
50%
2022-23 Iowa Kris Murray
50%
2022-23 Kentucky Oscar Tshiebwe
50%
2021-22 Kentucky Oscar Tshiebwe
50%
2024-25 St. John's RJ Luis
50%
2012-13 Michigan Trey Burke
50%
2019-20 Michigan State Cassius Winston
44%
2018-19 Michigan State Cassius Winston
44%
2020-21 Gonzaga Corey Kispert
44%
2020-21 Baylor Davion Mitchell
44%
2005-06 Illinois Dee Brown
44%
2004-05 Illinois Dee Brown
44%
2002-03 Marquette Dwayne Wade
44%
2003-04 Connecticut Emeka Okafor
44%
2024-25 Villanova Eric Dixon
44%
2016-17 Kansas Frank Mason
44%
2015-16 Duke Grayson Allen
44%
2024-25 Kansas Hunter Dickinson
44%
2023-24 Kansas Hunter Dickinson
44%
2020-21 Michigan Hunter Dickinson
44%
2014-15 Duke Jahlil Okafor
44%
2006-07 Florida Joakim Noah
44%
2024-25 Wisconsin John Tonje
44%
2009-10 Kentucky John Wall
44%
2001-02 Maryland Juan Dixon
44%
2018-19 Virginia Kyle Guy
44%
2017-18 Virginia Kyle Guy
44%
2005-06 California Leon Powe
44%
2024-25 Houston LJ Cryer
44%
2010-11 Kansas Marcus Morris
44%
2019-20 Seton Hall Myles Powell
44%
2012-13 Georgetown Otto Porter
44%
2024-25 Memphis PJ Haggerty
44%
2018-19 Duke RJ Barrett
44%
2013-14 Connecticut Shabazz Napier
44%
2005-06 Gonzaga Adam Morrison
39%
2007-08 Indiana Eric Gordon
39%
2003-04 St. Joseph's Jameer Nelson
39%
2010-11 San Diego State Kawhi Leonard
39%
2012-13 Indiana Victor Oladipo
39%
2015-16 LSU Ben Simmons
33%
2021-22 Gonzaga Chet Holmgren
33%
2009-10 Kentucky DeMarcus Cousins
33%
2023-24 Houston Jamal Shead
33%
2015-16 Providence Kris Dunn
33%
2007-08 Kansas State Michael Beasley
33%
2004-05 North Carolina Sean May
33%
2000-01 Duke Shane Battier
33%
1999-00 Duke Shane Battier
33%
2023-24 Connecticut Tristen Newton
33%
2006-07 Oregon Aaron Brooks
28%
2006-07 Florida Al Horford
28%
2013-14 Kansas Andrew Wiggins
28%
2014-15 Ohio State D'Angelo Russell
28%
2023-24 Dayton DaRon Holmes II
28%
2018-19 Virginia De'Andre Hunter
28%
2012-13 Ohio State Deshaun Thomas
28%
2016-17 Oregon Dillon Brooks
28%
2013-14 Duke Jabari Parker
28%
2017-18 West Virginia Jevon Carter
28%
2005-06 Duke JJ Redick
28%
2004-05 Duke JJ Redick
28%
2016-17 Kentucky Malik Monk
28%
2022-23 Houston Marcus Sasser
28%
2016-17 Washington Markelle Fultz
28%
2010-11 Providence MarShon Brooks
28%
2017-18 Villanova Mikal Bridges
28%
2017-18 Michigan State Miles Bridges
28%
2004-05 Washington Nate Robinson
28%
2021-22 Kansas Ochai Agbaji
28%
2021-22 Duke Paolo Banchero
28%
2019-20 Oregon Payton Pritchard
28%
2011-12 Kansas Thomas Robinson
28%
2014-15 Kentucky Willie Cauley-Stein
28%
2024-25 Tennessee Zakai Zeigler
28%
2007-08 Stanford Brook Lopez
22%
2001-02 Duke Carlos Boozer
22%
2012-13 Indiana Cody Zeller
22%
2009-10 Texas Damion James
22%
2014-15 Utah Delon Wright
22%
2015-16 Michigan State Denzel Valentine
22%
2007-08 Texas DJ Augustin
22%
2020-21 USC Evan Mobley
22%
2021-22 Purdue Jaden Ivey
22%
2022-23 UCLA Jaime Jaquez Jr.
22%
2011-12 Vanderbilt John Jenkins
22%
2016-17 Villanova Josh Hart
22%
2013-14 Kentucky Julius Randle
22%
2022-23 Kansas State Markquis Nowell
22%
2000-01 Arizona Michael Wright
22%
2018-19 Kentucky PJ Washington
22%
2002-03 Texas TJ Ford
22%
2023-24 Marquette Tyler Kolek
22%
2022-23 Marquette Tyler Kolek
22%
2011-12 North Carolina Tyler Zeller
22%
2022-23 North Carolina Armando Bacot
17%
2018-19 Gonzaga Brandon Clarke
17%
2021-22 Villanova Collin Gillespie
17%
2011-12 Weber State Damian Lillard
17%
2019-20 Kansas Devon Dotson
17%
2017-18 Kansas Devonte' Graham
17%
2008-09 Connecticut Hasheem Thabeet
17%
2022-23 Penn State Jalen Pickett
17%
2011-12 Ohio State Jared Sullinger
17%
2010-11 Ohio State Jared Sullinger
17%
2018-19 Texas Tech Jarrett Culver
17%
2000-01 Michigan State Jason Richardson
17%
2014-15 Notre Dame Jerian Grant
17%
2004-05 Oklahoma State Joey Graham
17%
2012-13 Gonzaga Kelly Olynyk
17%
2010-11 Morehead State Kenneth Faried
17%
2023-24 Duke Kyle Filipowski
17%
2009-10 Notre Dame Luke Harangody
17%
2008-09 Notre Dame Luke Harangody
17%
2007-08 Notre Dame Luke Harangody
17%
2015-16 Virginia Malcolm Brogdon
17%
2012-13 Oklahoma State Marcus Smart
17%
2017-18 Duke Marvin Bagley III
17%
2011-12 Kentucky Michael Kidd-Gilchrist
17%
1999-00 Michigan State Morris Peterson
17%
2023-24 Illinois Terrence Shannon Jr.
17%
2019-20 Kansas Udoka Azubuike
17%
2006-07 Florida State Al Thornton
11%
2021-22 Arizona Bennedict Mathurin
11%
2014-15 Arkansas Bobby Portis
11%
2005-06 Washington Brandon Roy
11%
2016-17 Purdue Caleb Swanigan
11%
2007-08 Memphis Chris Douglas-Roberts
11%
2013-14 Wichita State Cleanthony Early
11%
2001-02 Gonzaga Dan Dickau
11%
2011-12 Marquette Jae Crowder
11%
2009-10 Duke Jon Scheyer
11%
2017-18 Texas Tech Keenan Evans
11%
2002-03 Kansas Kirk Hinrich
11%
2016-17 Duke Luke Kennard
11%
2017-18 North Carolina Luke Maye
11%
2011-12 Missouri Marcus Denmon
11%
1999-00 Iowa State Marcus Fizer
11%
1999-00 Michigan State Mateen Cleaves
11%
2016-17 Gonzaga Nigel Williams-Goss
11%
2007-08 Georgetown Roy Hibbert
11%
2018-19 Gonzaga Rui Hachimura
11%
2013-14 Cincinnati Sean Kilpatrick
11%
2009-10 Kansas Sherron Collins
11%
2008-09 Kansas Sherron Collins
11%
2001-02 Kentucky Tayshaun Prince
11%
2000-01 Kentucky Tayshaun Prince
11%
2015-16 Kentucky Tyler Ulis
11%
2019-20 Duke Vernon Carey Jr.
11%
2021-22 Auburn Walker Kessler
11%
2006-07 Texas A&M Acie Law
6%
2005-06 Villanova Allan Ray
6%
2003-04 Texas Tech Andre Emmett
6%
2006-07 UCLA Arron Afflalo
6%
2022-23 Arizona Azuolas Tubelis
6%
2023-24 Creighton Baylor Scheierman
6%
2001-02 Pittsburgh Brandin Knight
6%
2002-03 Illinois Brian Cook
6%
2020-21 Loyola Chicago Cameron Krutwig
6%
2000-01 Michigan State Charlie Bell
6%
2007-08 Tennessee Chris Lofton
6%
2006-07 Tennessee Chris Lofton
6%
1999-00 Texas Chris Mihm
6%
2009-10 Kansas Cole Aldrich
6%
2007-08 UCLA Darren Collison
6%
2008-09 Pittsburgh DeJuan Blair
6%
2001-02 Kansas Drew Gooden
6%
1999-00 Oklahoma Eduardo Najera
6%
2018-19 Wisconsin Ethan Happ
6%
2016-17 Wisconsin Ethan Happ
6%
2015-16 Iowa State Georges Niang
6%
2014-15 Iowa State Georges Niang
6%
2009-10 Georgetown Greg Monroe
6%
2009-10 Maryland Greivis Vasquez
6%
2004-05 Syracuse Hakim Warrick
6%
2003-04 Syracuse Hakim Warrick
6%
2011-12 Murray State Isaiah Canaan
6%
2010-11 Kansas State Jacob Pullen
6%
2015-16 Utah Jakob Poeltl
6%
2009-10 Oklahoma State James Anderson
6%
2001-02 Indiana Jared Jeffries
6%
2008-09 Marquette Jerel McNeal
6%
2008-09 Kentucky Jodie Meeks
6%
2010-11 Texas Jordan Hamilton
6%
2019-20 Louisville Jordan Nwora
6%
2010-11 Wisconsin Jordan Taylor
6%
2000-01 North Carolina Joseph Forte
6%
2013-14 UCLA Kyle Anderson
6%
2002-03 Creighton Kyle Korver
6%
2014-15 Gonzaga Kyle Wiltjer
6%
2016-17 Arizona Lauri Markkanen
6%
2003-04 Mississippi State Lawrence Roberts
6%
2004-05 Illinois Luther Head
6%
2019-20 San Diego State Malachi Flynn
6%
2012-13 Duke Mason Plumlee
6%
2000-01 Villanova Michael Bradley
6%
2001-02 Duke Mike Dunleavy
6%
2012-13 South Dakota State Nate Wolters
6%
2002-03 Kansas Nick Collison
6%
2013-14 Michigan Nik Stauskas
6%
2015-16 Kansas Perry Ellis
6%
2020-21 Houston Quentin Grimes
6%
2014-15 Syracuse Rakeem Christmas
6%
2005-06 Villanova Randy Foye
6%
2003-04 North Carolina Rashad McCants
6%
2002-03 Tennessee Ron Slay
6%
2003-04 Providence Ryan Gomes
6%
2004-05 Arizona Salim Stoudamire
6%
1999-00 Ohio State Scoonie Penn
6%
2009-10 Villanova Scottie Reynolds
6%
2013-14 Florida Scottie Wilbekin
6%
2012-13 Miami (FL) Shane Larkin
6%
1999-00 LSU Stromile Swift
6%
2013-14 NC State TJ Warren
6%
2008-09 Florida State Toney Douglas
6%
2002-03 Boston College Troy Bell
6%
2000-01 Boston College Troy Bell
6%
2000-01 Notre Dame Troy Murphy
6%
1999-00 Notre Dame Troy Murphy
6%
2011-12 Kansas Tyshawn Taylor
6%
2006-07 Pittsburgh Aaron Gray
0%
1999-00 Indiana AJ Guyton
0%
2006-07 Wisconsin Alando Tucker
0%
2012-13 Kansas Ben McLemore
0%
2003-04 Gonzaga Blake Stepp
0%
2016-17 Notre Dame Bonzie Colson
0%
2001-02 Stanford Casey Jacobsen
0%
2000-01 Stanford Casey Jacobsen
0%
1999-00 Duke Chris Carrawell
0%
2020-21 Oregon Chris Duarte
0%
2003-04 Duke Chris Duhon
0%
2013-14 Syracuse CJ Fair
0%
1999-00 Fresno State Courtney Alexander
0%
2009-10 New Mexico Darington Hobson
0%
2018-19 Kansas Dedric Lawson
0%
2021-22 Ohio State EJ Liddell
0%
2001-02 Alabama Erwin Dudley
0%
2019-20 Gonzaga Filip Petrusev
0%
2008-09 Duke Gerald Henderson
0%
2002-03 Oklahoma Hollis Price
0%
2004-05 Arizona State Ike Diogu
0%
2023-24 San Diego State Jaedon Ledee
0%
2000-01 Iowa State Jamaal Tinsley
0%
2021-22 Baylor James Akinjo
0%
2006-07 Boston College Jared Dudley
0%
2015-16 Iowa Jarrod Uthoff
0%
2002-03 Arizona Jason Gardner
0%
2001-02 Arizona Jason Gardner
0%
2021-22 Arkansas JD Notae
0%
2012-13 Kansas Jeff Withey
0%
2017-18 St. Mary's Jock Landale
0%
2016-17 Baylor Johnathan Motley
0%
2003-04 Oklahoma State John Lucas
0%
2003-04 Stanford Josh Childress
0%
2003-04 NC State Julius Hodge
0%
2015-16 Oakland Kay Felder
0%
2017-18 Ohio State Keita Bates-Diop
0%
2002-03 Kentucky Keith Bogans
0%
2011-12 North Carolina Kendall Marshall
0%
2014-15 Gonzaga Kevin Pangos
0%
2000-01 Indiana Kirk Haston
0%
2014-15 Virginia Malcolm Brodgon
0%
1999-00 Stanford Mark Madsen
0%
2013-14 Iowa State Melvin Ejim
0%
2006-07 Nevada Nick Fazekas
0%
2005-06 Nevada Nick Fazekas
0%
1999-00 Temple Pepe Sanchez
0%
2005-06 Texas PJ Tucker
0%
2004-05 North Carolina Raymond Felton
0%
2002-03 Louisville Reece Gaines
0%
2005-06 Memphis Rodney Carney
0%
2005-06 Connecticut Rudy Gay
0%
2001-02 USC Sam Clancy
0%
2014-15 Northern Iowa Seth Tuttle
0%
2007-08 Vanderbilt Shan Foster
0%
2001-02 Cincinnati Steve Logan
0%
2017-18 Xavier Trevon Bluiett
0%
2010-11 Xavier Tu Holloway
0%
2008-09 North Carolina Ty Lawson
0%
2000-01 Florida Udonis Haslem
0%
2004-05 Kansas Wayne Simien
0%
2003-04 Kansas Wayne Simien
0%
2015-16 Indiana Yogi Ferrell
0%
No matching quizzes found
Score Distribution
Percent of People with Each Score
Percentile by Number Answered
Your Score History
You have not taken this quiz